[Event "Cairo Egyptian op"]
[Site "Cairo"]
[Date "2016.04.24"]
[Round "4"]
[White "Elazzawy, Walid"]
[Black "Aboutail, Mohamed"]
[Result "1/2-1/2"]
[WhiteElo "1918"]
[BlackElo "2078"]
[PlyCount "46"]
[EventDate "2016.04.22"]
[EventType "swiss"]
[EventRounds "9"]
[EventCountry "EGY"]
[SourceTitle "CBM 172 Extra"]
[Source "ChessBase"]
[SourceDate "2016.06.21"]
[SourceVersion "1"]
[SourceVersionDate "2016.06.21"]
[SourceQuality "1"]

1. d4 Nf6 2. c4 g6 3. Nc3 d5 4. Bf4 Bg7 5. e3 0-0 6. Nf3 c5 7. dxc5 Qa5 8. Rc1 dxc4 9. Bxc4 Qxc5 10. Bb3 Nc6 11. 0-0 Qh5 12. h3 e5 13. Bg3 Rd8 14. Qc2 Bxh3 15. Bxf7+ Kxf7 16. Qb3+ Be6 17. Qxb7+ Ne7 18. Nxe5+ Kf8 19. Qa6 Ng4 20. Qxe6 Nxe5 21. Nb5 Nf3+ 22. gxf3 Qxb5 23. Rc7 Qg5 1/2-1/2

[Event "Cairo Egyptian op"]
[Site "Cairo"]
[Date "2015.11.18"]
[Round "5"]
[White "Aboutail, Mohamed"]
[Black "Ragheb, Malak"]
[Result "0-1"]
[WhiteElo "2122"]
[BlackElo "2247"]
[PlyCount "54"]
[EventDate "2015.11.15"]
[EventType "swiss"]
[EventRounds "11"]
[EventCountry "EGY"]
[SourceTitle "EXT 2017"]
[Source "ChessBase"]
[SourceDate "2016.10.25"]
[SourceVersion "1"]
[SourceVersionDate "2016.10.25"]
[SourceQuality "1"]

1. c4 e6 2. g3 d5 3. Bg2 Nf6 4. Nf3 c6 5. 0-0 Nbd7 6. b3 a5 7. Nc3 Nc5 8. d4 Nce4 9. Nxe4 Nxe4 10. Qd3 Bd6 11. Nd2 f5 12. c5 Bc7 13. f3 Nf6 14. e4 0-0 15. e5 Nd7 16. f4 b6 17. cxb6 Bxb6 18. Ba3 Ba6 19. Qc3 c5 20. dxc5 Nxc5 21. Bxc5 Rc8 22. Rfc1 Rxc5 23. Qxc5 Bxc5+ 24. Rxc5 Qb6 25. Rac1 Rc8 26. b4 axb4 27. Nb3 Bc4 0-1

[Event "Golden Cleopatra op 7th"]
[Site "Cairo"]
[Date "2003.06.04"]
[Round "4"]
[White "Sameeh, Hany"]
[Black "Aboutail, Mohamed"]
[Result "1/2-1/2"]
[WhiteElo "2311"]
[BlackElo "2141"]
[PlyCount "114"]
[EventDate "2003.06.03"]
[EventType "swiss"]
[EventRounds "10"]
[EventCountry "EGY"]
[SourceTitle "CBM 094 Extra"]
[Source "ChessBase"]
[SourceDate "2003.07.09"]
[SourceVersion "2"]
[SourceVersionDate "2003.07.09"]
[SourceQuality "1"]

1. e4 c5 2. Nf3 d6 3. d4 cxd4 4. Nxd4 Nf6 5. Nc3 g6 6. f3 Bg7 7. Be3 0-0 8. Qd2 Nc6 9. 0-0-0 d5 10. exd5 Nxd5 11. Nxc6 bxc6 12. Nxd5 cxd5 13. Qxd5 Qc7 14. Qc5 Qb8 15. c3 Bf5 16. Bd3 Rc8 17. Qa5 Qb7 18. Bxf5 Rab8 19. Qa3 gxf5 20. Kc2 Rc4 21. Qb3 Qc7 22. Rd7 Rxb3 23. Rxc7 Rxb2+ 24. Kxb2 Bxc3+ 25. Kb3 Rxc7 26. Rc1 Be5 27. Rxc7 Bxc7 28. Bxa7 Kf8 29. h3 Ke8 30. Kc4 Kd7 31. Bc5 h5 32. a4 Ba5 33. Kb5 Bd2 34. Bb4 Bxb4 35. Kxb4 h4 36. Kc4 e5 37. Kd5 f6 38. a5 Kc7 39. f4 e4 40. Kd4 Kc6 41. Ke3 Kb5 42. Kf2 Kxa5 43. g3 hxg3+ 44. Kxg3 Kb5 45. h4 Kc4 46. h5 Kd3 47. h6 e3 48. h7 e2 49. h8Q e1Q+ 50. Kg2 Qe4+ 51. Kg1 Qe3+ 52. Kg2 Qe2+ 53. Kg1 Qe3+ 54. Kg2 Qe2+ 55. Kg1 Qg4+ 56. Kh1 Qf3+ 57. Kg1 Qg3+ 1/2-1/2

[Event "Golden Cleopatra op 7th"]
[Site "Cairo"]
[Date "2003.06.03"]
[Round "3"]
[White "Aboutail, Mohamed"]
[Black "Van Hoolandt, Patrick"]
[Result "1/2-1/2"]
[WhiteElo "2141"]
[BlackElo "2298"]
[PlyCount "93"]
[EventDate "2003.06.03"]
[EventType "swiss"]
[EventRounds "10"]
[EventCountry "EGY"]
[SourceTitle "CBM 094 Extra"]
[Source "ChessBase"]
[SourceDate "2003.07.09"]
[SourceVersion "2"]
[SourceVersionDate "2003.07.09"]
[SourceQuality "1"]

1. c4 e5 2. Nc3 Nc6 3. Nf3 Nf6 4. g3 g6 5. Bg2 Bg7 6. d4 exd4 7. Nxd4 0-0 8. Nxc6 dxc6 9. Qxd8 Rxd8 10. 0-0 Be6 11. c5 Nd5 12. Nxd5 Bxd5 13. Bxd5 Rxd5 14. Be3 Bd4 15. Bxd4 Rxd4 16. Rfd1 Rad8 17. Rxd4 Rxd4 18. b3 Rd2 19. Kf1 a5 20. a3 Rb2 21. b4 axb4 22. axb4 Rxb4 23. Ra8+ Kg7 24. Rc8 g5 25. h3 Kf6 26. Rxc7 h5 27. e3 Rb2 28. Kg1 Ke6 29. Kg2 g4 30. h4 Rb1 31. Kh2 Rb5 32. Kg2 f6 33. Rh7 Rxc5 34. Rxb7 Rf5 35. Rc7 Kd6 36. Rc8 Kd7 37. Rh8 c5 38. e4 Re5 39. f4 gxf3+ 40. Kxf3 c4 41. Ke3 f5 42. Kf4 Rxe4+ 43. Kxf5 c3 44. Kxe4 c2 45. Rh7+ Kd6 46. Rh6+ Kd7 47. Rh7+ 1/2-1/2

[Event "Cairo op"]
[Site "Cairo"]
[Date "1996.??.??"]
[Round "1"]
[White "Kaabi, Mejdi"]
[Black "Aboutail, Mohamed"]
[Result "1-0"]
[WhiteElo "2395"]
[BlackElo "2130"]
[PlyCount "170"]
[EventDate "1996.??.??"]
[EventType "swiss"]
[EventRounds "10"]
[EventCountry "EGY"]
[SourceTitle "EXT 1998"]
[Source "ChessBase"]
[SourceDate "1997.11.17"]
[SourceVersion "1"]
[SourceVersionDate "1997.11.17"]
[SourceQuality "1"]

1. d4 Nf6 2. Nf3 g6 3. c4 Bg7 4. Nc3 d5 5. Bg5 Ne4 6. Bh4 Nxc3 7. bxc3 c5 8. e3 Nc6 9. cxd5 Qxd5 10. Be2 cxd4 11. cxd4 0-0 12. 0-0 e5 13. dxe5 Qxd1 14. Rfxd1 Nxe5 15. Rab1 Be6 16. Nxe5 Bxe5 17. Rxb7 Bxa2 18. Rb5 Bg7 19. Ra5 Bb3 20. Rd7 Rac8 21. h3 Rc2 22. Bf3 a6 23. Bg3 Rc1+ 24. Kh2 Be6 25. Ra7 Bc8 26. Be2 Rd8 27. Ra8 Bf6 28. Bxa6 Bxa6 29. Rxd8+ Bxd8 30. Rxa6 Bc7 31. Bxc7 Rxc7 32. Kg3 Kg7 33. Kf3 h5 34. h4 Rb7 35. g3 Kf8 36. Kf4 Kg7 37. e4 Kf8 38. f3 Kg7 39. Ra8 Rc7 40. Re8 Ra7 41. g4 hxg4 42. Kxg4 Ra1 43. Re5 Rg1+ 44. Kf4 Rh1 45. Kg3 Rg1+ 46. Kh2 Ra1 47. Kg2 Ra2+ 48. Kg3 Ra1 49. h5 Kf6 50. Rb5 gxh5 51. Rxh5 Kg6 52. Rb5 Ra6 53. Kg4 Rc6 54. f4 Rc1 55. Rb6+ Kg7 56. Kf5 Rc5+ 57. e5 Ra5 58. Kg5 Rc5 59. Rb7 Ra5 60. Kg4 Kg8 61. Rb8+ Kg7 62. Re8 Ra1 63. Re7 Kf8 64. Rd7 Rg1+ 65. Kf5 Ke8 66. Ra7 Rb1 67. Ra4 Rb6 68. Kg5 Rg6+ 69. Kf5 Rb6 70. Ra8+ Ke7 71. Rg8 Rb1 72. Rg3 Ra1 73. Rb3 Ra6 74. Rb4 Ke8 75. Ke4 Ra1 76. f5 Re1+ 77. Kd5 Rd1+ 78. Rd4 Re1 79. Kd6 Rf1 80. e6 fxe6 81. Kxe6 Ra1 82. Rd6 Ra2 83. Rb6 Re2+ 84. Kf6 Rg2 85. Rb7 Ra2 1-0